|
|
|
|
| LEADER |
00000nam a2200000 a 4500 |
| 001 |
vtls001450669 |
| 003 |
SK-MaSNL |
| 005 |
20260301073120.0 |
| 008 |
251031sm y0 xo r 0 slo |
| 015 |
|
|
|a SNBA2003/04-01223
|
| 020 |
|
|
|a 8055104654
|
| 035 |
|
|
|a SNK000405962
|
| 040 |
|
|
|a SNK
|b slo
|c SNK
|e AACR2
|
| 041 |
0 |
|
|a slo
|
| 044 |
|
|
|a xo
|c SK
|
| 072 |
|
7 |
|a 821.111(73)-3
|2 konspekt
|
| 080 |
|
|
|a 821.111 (73)-3
|2 2. slo
|
| 080 |
|
|
|a 821.111(73)-31
|2 1981
|
| 100 |
1 |
|
|a Krentz, Jayne Ann,
|d 1948-
|4 aut
|9 208646
|
| 240 |
1 |
0 |
|a Lost & found
|l Slovensky
|
| 245 |
1 |
0 |
|a Straty a nálezy
|c Jayne Ann Krentzová ; [z anglického originálu preložila Viera Detková]
|
| 250 |
|
|
|a [1. vyd.]
|
| 260 |
|
|
|a Bratislava
|b Ikar
|c 2003
|
| 300 |
|
|
|a 270 s.
|c 21 cm
|
| 500 |
|
|
|a Údaj o prekl. prevzatý z rubu tit. strany
|
| 650 |
0 |
7 |
|a romány spoločenské americké
|2 SNK
|9 294919
|
| 650 |
0 |
7 |
|a americká próza
|2 SNK
|9 1173
|
| 655 |
|
7 |
|a umelecká literatúra
|2 SNK
|9 60405
|
| 655 |
|
7 |
|a americké romány
|2 SNK
|9 1174
|
| 700 |
1 |
|
|a Detková, Viera
|4 trl
|9 10947
|
| 730 |
|
|
|a Lost & found
|9 393682
|
| 919 |
|
|
|a 80-551-0465-4
|
| 958 |
|
|
|a UP
|
| 958 |
|
|
|a NS
|
| 958 |
|
|
|a LX
|
| 958 |
|
|
|a US
|
| 958 |
|
|
|a OND
|
| 968 |
|
|
|b ENG
|d 821
|
| 999 |
|
|
|c 643164
|d 645094
|
| 952 |
|
|
|t P60, <03>, [BOOK], {603}
|a SNK
|b SNK
|y PREZ
|7 0
|p 17A0377457
|o snkSC 120074
|i snkKSP 3255/2003
|0 0
|1 0
|4 0
|d 2003-03-04
|l 0
|r 2025-05-29 00:00:00
|w 2026-02-23
|
| 952 |
|
|
|t P60, <04>, [BOOK], {605}
|a SNK
|b SNK
|y VYP
|7 0
|p 17A0378480
|o snkSC 120074 D1
|i snkKSP 4192/2003
|0 0
|1 0
|4 0
|d 2003-03-14
|l 0
|r 2016-12-31 00:00:00
|w 2026-02-23
|